01002cam a22002891 450000100060000000300080000600500170001400800410003102000140007203500190008603500190010504000280012404100080015208200230016010000420018324500470022526000580027230000460033049000320037650000290040850400490043765000320048665000230051894200120054199900170055395201420057031615BD-RjUL20211209051727.0140421r19651926e 001 0 eng d a710049706 a(BD-RjUL)31703 a(OCoLC)1486975 aDLCcTxDadBD-RjULbeng aeng a133.409bSUH 19691 aSummers, Montague,d1880-1948.99621814aThe history of witchcraft and demonology / aLondon :bRoutledge & K. Paul,c1965 [Reprinted 1969] axv, 353 p. :bfacsims., plates. ;c25 cm.0 aThe History of civilization aFirst published in 1926. aIncludes index and Bibliography: p. 315-346. 0aWitchcraftxHistory.996219 0aDemonology.996220 2ddccBK c31615d31615 00102ddc40718NFICaRUCLbRUCLcReadingd1972-08-11fParamont Bg55.00l0o133.409 SUH 1969r2014-04-21 00:00:00tC-1w2014-04-21yBK